Sports Quiz

Random Sports or Football Quiz

Joueurs PSG depuis QSI Quiz Stats

 Plays Quiz not verified by Sporcle

Support Sporcle.
Go Orange.
Score 0/74 Timer 15:00
1 Play Today
Position/Nationalité Joueur % Correct
DEF - BRAThiago Silva
97.7%
ATT - URUEdinson Cavani
97%
ATT - SWEZlatan Ibrahimovic
94.4%
MIL - ITAMarco Verratti
94.3%
MIL - FRABlaise Matuidi
92.2%
DEF - BRAMarquinhos
91.1%
ATT - BRANeymar
90%
MIL - ITAThiago Motta
89.3%
MIL - ARGAngel Di Maria
89%
ATT - FRAKylian Mbappé
87.5%
DEF - BELThomas Meunier
86.7%
GAR - FRAAlphonse Areola
86%
GAR - ITASalvatore Sirigu
85.6%
MIL - GERJulian Draxler
82%
MIL - ARGJavier Pastore
80.7%
MIL - FRAAdrien Rabiot
79.6%
ATT - ARGEzequiel Lavezzi
78%
GAR - GERKevin Trapp
77.4%
DEF - FRALayvin Kurzawa
76.9%
DEF - FRAPresnel Kimpembe
75.9%
ATT - BRALucas Moura
73.8%
DEF - BRAMaxwell
72%
GAR - CRCKeylor Navas
69.8%
DEF - ESPJuan Bernat
68.5%
DEF - CIVSerge Aurier
67.3%
DEF - NEDGregory van der Wiel
67%
MIL - ENGDavid Beckham
62.3%
GAR - ITAGianluigi Buffon
62%
DEF - BRADani Alves
61.9%
DEF - BRAAlex
61.5%
DEF - BRADavid Luiz
61.1%
MIL - ARGLeandro Paredes
57.4%
ATT - FRAKevin Gameiro
56.3%
MIL - BRENenê
56.2%
MIL - SENIdrissa Gueye
56%
MIL - FRAJérémy Ménez
56%
ATT - ARGMauro Icardi
54.9%
Position/Nationalité Joueur % Correct
DEF - FRAMamadou Sakho
53.3%
ATT - CMREric Maxim Choupo-Moting
52.1%
MIL - FRAYohan Cabaye
50.2%
DEF - GERThilo Kehrer
49.7%
DEF - FRAChristophe Jallet
49.3%
ATT - FRAGuillaume Hoarau
48.2%
MIL - ESPPablo Sarabia
41.3%
DEF - FRAZoumana Camara
40.6%
MIL - FRAChristopher Nkunku
40.5%
DEF - URUDiego Lugano
39.6%
DEF - FRALucas Digne
39.2%
DEF - FRAColin Dagba
38.8%
MIL - ARGGiovani Lo Celso
38%
MIL - ESPJesé
37.6%
MIL - FRAClément Chantôme
37.2%
MIL - ESPAnder Herrera
37.1%
GAR - FRANicolas Douchez
36.7%
MIL - FRAHatem Ben Arfa
34%
MIL - POLGrzegorz Krychowiak
33.6%
ATT - FRAMoussa Diaby
33.6%
DEF - FRATanguy Kouassi
33.5%
DEF - FRAAbdou Diallo
33.2%
MIL - MLIMohamed Sissoko
31.2%
DEF - FRASylvain Armand
29.6%
MIL - PORGonçalo Guedes
28.3%
MIL - FRALassana Diarra
28.1%
DEF - FRABenjamin Stambouli
26.8%
ATT - TURMevlüt Erdinc
25.5%
DEF - ESPYuri Berchiche
24.5%
DEF - SRBMilan Bisevac
23.6%
DEF - BRACeara
22.7%
ATT - FRAJean-Kévin Augustin
22.3%
MIL - FRAMathieu Bodmer
21.9%
DEF - CIVSieka Tiéné
20.8%
ATT - FRAJean-Christophe Bahebeck
18.9%
MIL - FRAHervin Ongenda
12.7%
DEF - FRAStanley Nsoki
12.5%

You're not logged in!

Compare scores with friends on all Sporcle quizzes.
OR
Log In

From the Vault

Beyoncé or Rihanna?

by slipkid

Can we add Mariah Carey in here as well? She has our vote, no matter what this contest is about.
Remove Ads.
Support Sporcle.
Get the best of Sporcle when you Go Orange. This ad-free experience offers more features, more stats, and more fun while also helping to support Sporcle. Thank you for becoming a member.

Show Comments

Extras

Top Quizzes Today


Score Distribution

Your Account Isn't Verified!

In order to create a playlist on Sporcle, you need to verify the email address you used during registration. Go to your Sporcle Settings to finish the process.

Report this User

Report this user for behavior that violates our Community Guidelines.

Details: